| 000 | 00318cam a22000977a 4500 | ||
|---|---|---|---|
| 008 | 180718b1967 xxu||||| |||| 00| 0 eng d | ||
| 082 | _aK63x42 Un3r | ||
| 245 | _aThe committee of privy counsellors appointed to inquiry into 'D' notice matters | ||
| 260 |
_aLondon _bHer Majesty's Stationery Office _c1967 |
||
| 300 | _a288+p. | ||
| 999 |
_c500111 _d500111 |
||